Nommées au César de la meilleure révélation féminine - Statistiques

Statistiques générales
  • Ce quiz a été pris 99 fois
  • Le résultat moyen est 64 sur 208
Statistiques - réponses
Année Film Actrice % Correct
2014 La Vie d'Adèle : Chapitres 1 et 2 Adèle Exarchopoulos
83%
2011 Tout ce qui brille Leïla Bekhti
79%
2000 Vénus Beauté (Institut) Audrey Tautou
71%
1983 La Boum 2 Sophie Marceau
71%
2016 Connasse, princesse des cœurs Camille Cottin
67%
2003 L'Auberge espagnole Cécile de France
67%
1986 L'Effrontée Charlotte Gainsbourg
67%
1995 Les Roseaux sauvages Elodie Bouchez
67%
1997 Comment je suis disputé ... (ma vie sexuelle) Emmanuelle Devos
67%
2002 Les Jolies Choses Marion Cotillard
67%
1999 Taxi Marion Cotillard
67%
2005 L'Esquive Sara Forestier
67%
2012 L'Apollonide : Souvenirs de la maison close Adèle Haenel
63%
2008 Naissance des pieuvres Adèle Haenel
63%
2018 Le Brio Camélia Jordana
63%
1989 La vie est un long fleuve tranquille Catherine Jacob
63%
1994 La Nage indienne Karin Viard
63%
2011 Belle Epine Léa Seydoux
63%
2009 La Belle Personne Léa Seydoux
63%
2003 Filles perdues, cheveux gras Marina Foïs
63%
2007 Je vais bien, ne t'en fais pas Mélanie Laurent
63%
1990 Noce blanche Vanessa Paradis
63%
2003 Une femme de ménage Emilie Dequenne
58%
2000 Rosetta Emilie Dequenne
58%
2008 La Graine et le Mulet Hafsia Herzi
58%
1991 La Désenchantée Judith Godrèche
58%
2009 Vilaine Marilou Berry
58%
2005 Comme une image Marilou Berry
58%
2017 Frantz Paula Beer
58%
1984 A nos amours Sandrine Bonnaire
58%
2011 Tout ce qui brille Audrey Lamy
54%
2001 Meilleur Espoir féminin Bérénice Bejo
54%
2015 La Famille Bélier Louane Emera
54%
2003 Huit Femmes Ludivine Sagnier
54%
2010 Le Dernier pour la route Mélanie Thierry
54%
1993 Les Nuits fauves Romane Bohringer
54%
1996 En avoir (ou pas) Sandrine Kiberlain
54%
1995 Les Patriotes Sandrine Kiberlain
54%
2011 D'amour et d'eau fraîche Anaïs Demoustier
50%
2009 Les Grandes Personnes Anaïs Demoustier
50%
1990 Je suis le seigneur du château Dominique Blanc
50%
1987 La Femme de ma vie Dominique Blanc
50%
1991 La Discrète Judith Henry
50%
2007 Pardonnez-moi Maïwenn
50%
2001 Les Blessures assassines Sylvie Testud
50%
2000 Karnaval Sylvie Testud
50%
2009 Le Premier Jour du reste de ta vie Déborah François
46%
2007 La Tourneuse de pages Déborah François
46%
2006 L'Enfant Déborah François
46%
2013 Mauvaise fille Izïa Higelin
46%
1988 La Passion Béatrice Julie Delpy
46%
1987 Mauvais Sang Julie Delpy
46%
2004 La Petite Lili Julie Depardieu
46%
2024 Le Consentement Kim Higelin
46%
2009 La Fille de Monaco Louise Bourgoin
46%
1996 L'Appât Marie Gillain
46%
1992 Mon père, ce héros Marie Gillain
46%
2007 Lady Chatterley Marina Hands
46%
2006 Les Âmes grises Marina Hands
46%
2017 Le ciel attendra Noémie Merlant
46%
1994 Les gens normaux n'ont rien d'exceptionnel Valeria Bruni Tedeschi
46%
1984 Tchao Pantin Agnès Soral
42%
1987 Thérèse Catherine Mouchet
42%
1986 L'Amour en douce Emmanuelle Béart
42%
1985 Un amour interdit Emmanuelle Béart
42%
1998 La Femme défendue Isabelle Carré
42%
1996 Le Hussard sur le toit Isabelle Carré
42%
1993 Beau fixe Isabelle Carré
42%
1996 La Fille seule Virginie Ledoyen
42%
1995 L'Eau froide Virginie Ledoyen
42%
1994 Les Marmottes Virginie Ledoyen
42%
1994 Ma saison préférée Chiara Mastroianni
38%
2012 La Brindille Christa Theret
38%
2010 LOL Christa Theret
38%
1996 Elisa Clotilde Courau
38%
1991 Le Petit Criminel Clotilde Courau
38%
1998 J'ai horreur de l'amour Jeanne Balibar
38%
1997 Comment je suis disputé ... (ma vie sexuelle) Jeanne Balibar
38%
2004 Les Corps impatients Laura Smet
38%
2006 De battre mon cœur s'est arrêté Linh-Dan Pham
38%
1993 Indochine Linh-Dan Pham
38%
1997 L'Appartement Monica Bellucci
38%
1999 La Vie rêvée des anges Natacha Régnier
38%
1995 Mina Tannenbaum Elsa Zylberstein
33%
1993 Beau fixe Elsa Zylberstein
33%
1992 Van Gogh Elsa Zylberstein
33%
1991 Tatie Danielle Isabelle Nanty
33%
2025 L'Amour Ouf Mallory Wanecque
33%
2023 Les Pires Mallory Wanecque
33%
1986 Trois hommes et un couffin Philippine Leroy-Beaulieu
33%
2002 Chaos Rachida Brakni
33%
1988 Masques Anne Brochet
29%
1986 Rouge Baiser Charlotte Valandrey
29%
2012 Angèle et Tony Clotilde Hesme
29%
2008 Les Chansons d'amour Clotilde Hesme
29%
1998 Un frère Emma de Caunes
29%
2019 L'Homme fidèle Lily-Rose Depp
29%
2017 La Danseuse Lily-Rose Depp
29%
2025 Vingt Dieux Maïwène Barthelemy
29%
1988 Le Cri du hibou Mathilda May
29%
2010 A l'origine Soko
29%
2024 Le Théorème de Marguerite Ella Rumpf
25%
2018 Le Sens de la fête Eye Haïdara
25%
1997 Chacun cherche son chat Garance Clavel
25%
1992 La Neige et le Feu Géraldine Pailhas
25%
2002 Roberto Succo Isild Le Besco
25%
2001 Sade Isild Le Besco
25%
1997 Les Voleurs Laurence Côte
25%
2013 Mince alors ! Lola Dewaere
25%
2020 Papicha Lyna Khoudri
25%
2014 Jeune et Jolie Marine Vacth
25%
2006 Il ne faut jurer de rien ! Mélanie Doutey
25%
2003 La Frère du guerrier Mélanie Doutey
25%
2022 Slalom Noée Abita
25%
2024 De grandes espérances Rebecca Marder
25%
2023 Une jeune fille qui va bien Rebecca Marder
25%
2016 Les Bêtises Sara Giraudeau
25%
1986 Billy Ze Kick Zabou
25%
1998 La Vérité si je mens ! Amira Casar
21%
2022 L'Evénement Anamaria Vartolomei
21%
2021 Poissonsexe India Hair
21%
2015 Respire Joséphine Japy
21%
2004 Les Invasions barbares Marie-Jozée Croze
21%
2001 Harry, un ami qui vous veut du bien Sophie Guillemin
21%
1999 L'Ennui Sophie Guillemin
21%
2025 Planète B Souheila Yacoub
21%
2016 Fatima Zita Hanrot
21%
2024 La Fille de son père Céleste Brunnquell
17%
2020 Les Eblouis Céleste Brunnquell
17%
2012 L'Apollonide : Souvenirs de la maison close Céline Sallette
17%
1985 Pinot simple flic Fanny Bastien
17%
2019 L'Apparition Galatéa Bellugi
17%
2018 Grave Garance Marillier
17%
2014 Syngué Sabour. Pierre de patience Golshifteh Farahani
17%
2023 Saint Omer Guslagie Malanda
17%
2019 Un amour impossible Jehnny Beth
17%
2021 Les Choses qu'on dit, les choses qu'on fait Julia Piaton
17%
2018 Jeune Femme Laetitia Dosch
17%
1985 La Pirate Laure Marsac
17%
2015 Respire Lou de Laâge
17%
2014 Jappeloup Lou de Laâge
17%
2022 Les Olympiades Lucie Zhang
17%
2025 Diamant Brut Malou Khebizi
17%
2023 En corps Marion Barbeau
17%
2025 Rabia Megan Northam
17%
2012 Polisse Naidra Ayadi
17%
2020 Camille Nina Meurisse
17%
2019 Mektoub, my love : canto uno Ophélie Bau
17%
2017 Divines Oulaya Amamra
17%
1999 Gadjo dilo Rona Hartner
17%
2005 L'Esquive Sabrina Ouazani
17%
1985 Marche à l'ombre Sophie Duez
17%
2022 Titane Agathe Rousselle
13%
2007 Bamako Aïssa Maïga
13%
1993 L.627 Charlotte Kady
13%
2010 Je l'aimais Florence Loiret-Caille
13%
1990 Suivez cet avion Isabelle Gélinas
13%
1983 L'Etoile du Nord Julie Jézéquel
13%
2015 Bande de filles Karidja Touré
13%
2019 Shéhérazade Kenza Fortas
13%
2020 Portrait de la jeune fille en feu Luàna Bajrami
13%
2020 Atlantique Mame Bineta Sané
13%
2023 Les Amandiers Nadia Tereszkiewicz
13%
2017 Ma Loute Raph
13%
2022 Illusions perdues Salomé Dewaels
13%
1983 Le Grand Frère Souad Amidou
13%
2024 La Voie royale Suzanne Jouannet
13%
2013 Au galop Alice de Lencquesaing
8%
2015 Fidelio, l'odyssée d'Alice Ariane Labed
8%
2021 Felicita Camille Rutherford
8%
1989 L'Enfance de l'art Clotilde de Bayser
8%
2016 La Tête haute Diane Rouxel
8%
1983 Une chambre en ville Fabienne Guyon
8%
2021 Mignonnes Fathia Youssouf
8%
1994 Trois couleurs : Bleu Florence Pernel
8%
2002 Va savoir Hélène de Fougerolles
8%
1999 Que la lumière soit ! Hélène de Fougerolles
8%
2002 Reines d'un jour Hélène Fillières
8%
2018 Les Gardiennes Iris Bry
8%
2013 Camille redouble Julia Faure
8%
2001 Les Blessures assassines Julie-Marie Parmentier
8%
2005 Brodeuses Lola Naymark
8%
2008 Naissance des pieuvres Louise Blachère
8%
2016 Trois souvenirs de ma jeunesse Lou Roy-Lecollinet
8%
2005 Rois et Reine Magali Woch
8%
1987 Rosa la rose, fille publique Marianne Basler
8%
1992 Delicatessen Marie-Laure Dougnac
8%
2021 La fille au bracelet Mélissa Guers
8%
1990 Un monde sans pitié Mireille Perrier
8%
2014 La Religieuse Pauline Etienne
8%
2010 Qu'un seul tienne et les autres suivront Pauline Etienne
8%
1992 Van Gogh Alexandra London
4%
2000 La Dilettante Barbara Schulz
4%
1984 Vive la sociale ! Elizabeth Bourgine
4%
1991 Uranus Florence Darel
4%
1989 La Maison assassinée Ingrid Held
4%
1998 Marius et Jeannette Laetitia Pesenti
4%
1984 Le Destin de Juliette Laure Duthilleul
4%
1995 Couples et Amants Marie Bunel
4%
1989 Drôle d'endroit pour une rencontre Nathalie Cardone
4%
1988 L'Ami de mon amie Sophie Renoir
4%
2004 Qui a tué Bambi ? Sopie Quinton
4%
2000 Rien sur Robert Valentina Cervi
4%
1990 Baptême Valérie Stroh
4%
2011 Vénus noire Yahima Torress
4%
2008 Roman de gare Audrey Bana
0%
2004 Depuis qu'Otar est parti... Dinara Droukarova
0%
2006 La Petite Jérusalem Fanny Valeette
0%
Aucun quiz correspondant
Distribution des résultats
% des personnes avec chaque résultat
Percentile par nombre de réponses
Votre historique - résultats
Vous n’avez pas pris ce quiz